LEADER 01096cam0-22003611i-450 001 990007193150403321 005 20220203160120.0 035 $a000719315 035 $aFED01000719315 035 $a(Aleph)000719315FED01 035 $a000719315 100 $a20021010e19791941km-y0itay50------ba 101 0 $aita 102 $aIT 105 $ay-------001yy 200 1 $a<>condizione e gli elementi dell'atto giuridico$fAngelo Falzea 210 $aNapoli$cESI$d1979 215 $aVIII, 333 p.$d24 cm 225 1 $aRistampe della Scuola di perfezionamento in diritto civile dell'Università di Camerino$v13 324 $aRiproduzione facsimilare dell'ed.: Milano : Giuffrè, 1941 610 0 $aCondizioni 676 $a346.02$v20$zita 700 1$aFalzea,$bAngelo$0228844 801 0$aIT$bUNINA$gRICA$2UNIMARC 901 $aBK 912 $a990007193150403321 952 $aA-IV-C-115$b129$fDDRC 952 $aDPR 13b-300$fDEC 959 $aDDRC 959 $aDEC 996 $aCondizione e gli elementi dell'atto giuridico$9578879 997 $aUNINA DB $aGEN01 LEADER 01028nam0-2200301 --450 001 9911063927703321 005 20260219093926.0 010 $a88-207-3855-4 020 $aIT$b2007-1143 100 $a20260219d2006----kmuy0itay5050 ba 101 0 $aita 102 $aIT 105 $aa a 001yy 200 1 $aItinerari narrativi tra realtà e simulazione$ela costruzione del Museo virtuale del fiordo di Furore ed altro$fGiacomo Ricci 210 $aNapoli$cLiguori Editore$d2006 215 $aVIII, 240 p.$cill.$d23 cm 225 1 $aDomini$iTecnologia e progetto di architettura 300 $aIn appendice: CAD, modellazione 3D e Virtual Reality de 610 0 $aArchitettura del paesaggio$aSalerno 610 0 $aRealtà virtuale in architettura 700 1$aRicci,$bGiacomo$010376 801 0$aIT$bUNINA$gREICAT$2UNIMARC 901 $aBK 912 $a9911063927703321 952 $aDE FUSCO 2089$bRDF 2156$fDARST 959 $aDARST 996 $aItinerari narrativi tra realta? e simulazione$92438965 997 $aUNINA